=LDR 00000nam 2200000 4500 =001 INLIS000000000026731 =005 20130612125144 =008 ***********************************ind** =035 ##$$0010-061300000026731 =041 ##$$a ind =082 ##$$a 511 =090 ##$$a 511, YUS m =100 ##$$a Yusuf, Ahmad Sadiq bin Abdul Lathif Abu =245 ##$$a Matahari mengelilingi bumi, Ahmad Sadiq bin Abdul Lathif Abu Yusuf =260 ##$$a [200?] $b Gresik =300 ##$$a xxxiv, 220 hlm., 21 cm =650 ##$$a Bumi =650 ##$$a Gerakan =850 ##$$a NBPNMAT =990 ##$$a 0001/BPAP-NTB/2016